<?xml version="1.0" encoding="UTF-8"?><?xml-stylesheet type="text/xsl" href="static/style.xsl"?><OAI-PMH xmlns="http://www.openarchives.org/OAI/2.0/" xmlns:xsi="http://www.w3.org/2001/XMLSchema-instance" xsi:schemaLocation="http://www.openarchives.org/OAI/2.0/ http://www.openarchives.org/OAI/2.0/OAI-PMH.xsd"><responseDate>2026-04-18T04:31:28Z</responseDate><request verb="GetRecord" identifier="oai:www.recercat.cat:2072/476320" metadataPrefix="marc">https://recercat.cat/oai/request</request><GetRecord><record><header><identifier>oai:recercat.cat:2072/476320</identifier><datestamp>2025-10-27T12:16:56Z</datestamp><setSpec>com_2072_98</setSpec><setSpec>col_2072_378192</setSpec></header><metadata><record xmlns="http://www.loc.gov/MARC21/slim" xmlns:dcterms="http://purl.org/dc/terms/" xmlns:xsi="http://www.w3.org/2001/XMLSchema-instance" xmlns:doc="http://www.lyncode.com/xoai" xsi:schemaLocation="http://www.loc.gov/MARC21/slim http://www.loc.gov/standards/marcxml/schema/MARC21slim.xsd">
   <leader>00925njm 22002777a 4500</leader>
   <datafield ind2=" " ind1=" " tag="042">
      <subfield code="a">dc</subfield>
   </datafield>
   <datafield ind2=" " ind1=" " tag="720">
      <subfield code="a">Luengo, Boris Trenado</subfield>
      <subfield code="e">author</subfield>
   </datafield>
   <datafield ind2=" " ind1=" " tag="720">
      <subfield code="a">García-Sierra, Rosa</subfield>
      <subfield code="e">author</subfield>
   </datafield>
   <datafield ind2=" " ind1=" " tag="720">
      <subfield code="a">Wilke Trinxant, Maria Asuncion</subfield>
      <subfield code="e">author</subfield>
   </datafield>
   <datafield ind2=" " ind1=" " tag="720">
      <subfield code="a">Mondelo, Esther Díaz</subfield>
      <subfield code="e">author</subfield>
   </datafield>
   <datafield ind2=" " ind1=" " tag="720">
      <subfield code="a">Baseda, Ramon Miralles</subfield>
      <subfield code="e">author</subfield>
   </datafield>
   <datafield ind2=" " ind1=" " tag="720">
      <subfield code="a">Blanch, Maria Magdalena Lladó</subfield>
      <subfield code="e">author</subfield>
   </datafield>
   <datafield ind2=" " ind1=" " tag="720">
      <subfield code="a">Montero-Alía, Pilar</subfield>
      <subfield code="e">author</subfield>
   </datafield>
   <datafield ind2=" " ind1=" " tag="720">
      <subfield code="a">Torán Montserrat, Pere</subfield>
      <subfield code="e">author</subfield>
   </datafield>
   <datafield ind2=" " ind1=" " tag="260">
      <subfield code="c">2021</subfield>
   </datafield>
   <datafield ind2=" " ind1=" " tag="520">
      <subfield code="a">Detecting, treating and monitoring anaemia has a functional, social and economic impact on patients' quality of life and the health system, since inadequate monitoring can lead to more accident &amp; emergency visits and hospitalizations. The aim of this study is to evaluate the impact in the patient clinical outcomes of using haemoglobinometry to early detect anaemia in patients with chronic anaemia in primary care. Randomized controlled trial Capillary haemoglobin will be measured using a haemoglobinometer on a monthly basis in the intervention group. In the control group, the protocol currently in force at the primary care centre will be followed and venous haemoglobin will be measured. Any cases of anaemia detected in either group will be referred to the transfusion circuit of the reference hospital. The results will shed light on the impact of the intervention on the volume of hospitalizations and accident &amp; emergency (A&amp;E) visits due to anaemia, as well as patients' quality of life. Chronic and repeated bouts of anaemia are detected late, thus leading to decompensation in chronic diseases and, in turn, more A&amp;E visits and hospitalizations. The intervention should improve these outcomes since treatment could be performed without delay. Improving response times would decrease decompensation in chronic diseases, as well as A&amp;E visits and hospitalizations, and improve quality of life. The primary care nurse case manager will perform the intervention, which should improve existing fragmentation between different care levels. NCT04757909. Registered 17 February 2021. Retrospectively registered.</subfield>
   </datafield>
   <datafield tag="653" ind2=" " ind1=" ">
      <subfield code="a">Anaemia</subfield>
   </datafield>
   <datafield tag="653" ind2=" " ind1=" ">
      <subfield code="a">Red blood cell transfusion</subfield>
   </datafield>
   <datafield tag="653" ind2=" " ind1=" ">
      <subfield code="a">Advanced practice nursing</subfield>
   </datafield>
   <datafield tag="653" ind2=" " ind1=" ">
      <subfield code="a">Nurse case manager</subfield>
   </datafield>
   <datafield tag="653" ind2=" " ind1=" ">
      <subfield code="a">Haemoglobinometry</subfield>
   </datafield>
   <datafield tag="653" ind2=" " ind1=" ">
      <subfield code="a">Non-invasive haemoglobin measurement</subfield>
   </datafield>
   <datafield tag="653" ind2=" " ind1=" ">
      <subfield code="a">Primary health care</subfield>
   </datafield>
   <datafield ind2="0" ind1="0" tag="245">
      <subfield code="a">Early detection of anaemia in primary care with haemoglobinometry : ANHEMOG clinical trial protocol</subfield>
   </datafield>
</record></metadata></record></GetRecord></OAI-PMH>